Medical statistics at a glance (Record no. 2269)

MARC details
000 -LEADER
fixed length control field 00571nam a22002177a 4500
003 - CONTROL NUMBER IDENTIFIER
control field OSt
005 - DATE AND TIME OF LATEST TRANSACTION
control field 20150928141150.0
008 - FIXED-LENGTH DATA ELEMENTS--GENERAL INFORMATION
fixed length control field 150916b xxu||||| |||| 00| 0 eng d
020 ## - INTERNATIONAL STANDARD BOOK NUMBER
International Standard Book Number 9781405180511
040 ## - CATALOGING SOURCE
Transcribing agency DNLM
082 ## - DEWEY DECIMAL CLASSIFICATION NUMBER
Classification number WA16 P447m 2009
100 ## - MAIN ENTRY--PERSONAL NAME
Personal name Petrie, Aviva
9 (RLIN) 5752
245 ## - TITLE STATEMENT
Title Medical statistics at a glance
250 ## - EDITION STATEMENT
Edition statement 3rd ed.
260 ## - PUBLICATION, DISTRIBUTION, ETC. (IMPRINT)
Place of publication, distribution, etc. West sussex;
Name of publisher, distributor, etc. Wiley,
Date of publication, distribution, etc. 2009
300 ## - PHYSICAL DESCRIPTION
Extent 180p;
Other physical details col.ill:
Dimensions 28cm
504 ## - BIBLIOGRAPHY, ETC. NOTE
Bibliography, etc Glossary, & index included
650 ## - SUBJECT ADDED ENTRY--TOPICAL TERM
Topical term or geographic name as entry element Medical statistics
9 (RLIN) 1389
700 ## - ADDED ENTRY--PERSONAL NAME
Personal name Sabin, Caroline
9 (RLIN) 5753
942 ## - ADDED ENTRY ELEMENTS (KOHA)
Source of classification or shelving scheme Other/Generic Classification Scheme
Koha item type Open Shelf
Holdings
Withdrawn status Lost status Source of classification or shelving scheme Damaged status Not for loan Home library Current library Date acquired Source of acquisition Inventory number Total Checkouts Full call number Barcode Date last seen Koha item type
    Other/Generic Classification Scheme     MUST Main Library MUST Main Library 16/09/2015   14/38107   WA16 P447m 2009 2015-2265 16/09/2015 Open Shelf
    Other/Generic Classification Scheme     MUST Main Library MUST Main Library 28/09/2015   14/38108   WA16 P447m 2009 2015-2298 28/09/2015 Open Shelf